000 00322nam a22001337a 4500
008 180922b xxu||||| |||| 00| 0 eng d
020 _a9780136267973
041 _aeng
080 _a159.9
100 _a49
101 _aPSI
245 _aReadings in the History and Systems of Psychology
_cBrennan,J.F
942 _2udc
_cBK
999 _c48274
_d48274